[Event "Bad Pyrmont Pape op-A 2nd"]
[Site "Bad Pyrmont"]
[Date "2023.08.13"]
[Round "7"]
[White "Schubert, Matthias"]
[Black "Falke, Philipp"]
[Result "1/2-1/2"]
[WhiteElo "1873"]
[BlackElo "1499"]
[PlyCount "111"]
[EventDate "2023.08.10"]
[EventType "swiss"]
[EventRounds "7"]
[EventCountry "GER"]
[SourceTitle "EXT 2024"]
[Source "ChessBase"]
[SourceDate "2023.10.10"]
[SourceVersion "1"]
[SourceVersionDate "2023.10.10"]
[SourceQuality "1"]

1. e4 c5 2. d4 cxd4 3. c3 dxc3 4. Nxc3 e6 5. Nf3 Ne7 6. Bg5 a6 7. Bc4 Qc7 8. Bb3 Ng6 9. 0-0 Nc6 10. Rc1 Be7 11. Nd5 exd5 12. exd5 Qd8 13. dxc6 dxc6 14. Qe2 0-0 15. Rcd1 Qc7 16. Bxe7 Qxe7 17. Qxe7 Nxe7 18. Rfe1 Ng6 19. Ne5 Bf5 20. h3 a5 21. g4 Nxe5 22. Rxe5 Bg6 23. a4 Rfe8 24. Rxe8+ Rxe8 25. Rd7 Rb8 26. f4 Be4 27. Rxf7 Kh8 28. Re7 Bd3 29. Kf2 b5 30. Ke3 bxa4 31. Bxa4 Bb5 32. Bxb5 cxb5 33. Kd4 Kg8 34. Kc5 b4 35. Ra7 Rc8+ 36. Kd4 Rc2 37. Rxa5 Rxb2 38. Re5 Rh2 39. Re3 Rf2 40. f5 h5 41. Ke4 hxg4 42. hxg4 Rg2 43. Kf4 Rc2 44. Re8+ Kf7 45. Rb8 Rc7 46. Rxb4 g6 47. Rb6 gxf5 48. gxf5 Ra7 49. Kg5 Rc7 50. Rh6 Rc5 51. Rh7+ Kg8 52. Rd7 Rc6 53. Re7 Kf8 54. f6 Rc1 55. Ra7 Rg1+ 56. Kf5 1/2-1/2

[Event "Verden op-B"]
[Site "Verden"]
[Date "2023.01.05"]
[Round "1"]
[White "Aden, Dagmar"]
[Black "Falke, Philipp"]
[Result "1/2-1/2"]
[WhiteElo "1779"]
[BlackElo "1494"]
[PlyCount "68"]
[EventDate "2023.01.05"]
[EventType "swiss"]
[EventRounds "7"]
[EventCountry "GER"]
[SourceTitle "CBM 212 Extra"]
[Source "ChessBase"]
[SourceDate "2023.03.31"]
[SourceVersion "1"]
[SourceVersionDate "2023.03.31"]
[SourceQuality "1"]

1. e4 c5 2. c3 e6 3. Nf3 Nc6 4. d4 d5 5. exd5 Qxd5 6. Na3 cxd4 7. Nb5 Bd6 8. Be2 e5 9. cxd4 Nxd4 10. Nbxd4 exd4 11. Qxd4 Qxd4 12. Nxd4 Bd7 13. 0-0 Nf6 14. Nb5 Bb8 15. Rd1 h6 16. Nd6+ Bxd6 17. Rxd6 Ke7 18. Bf4 Rac8 19. Bf3 b6 20. Re1+ Be6 21. Rd2 Rhd8 22. Rxd8 Rxd8 23. a3 Rc8 24. Rc1 Rxc1+ 25. Bxc1 Nd5 26. Kf1 Kd6 27. Ke2 Kc5 28. Kd3 Bf5+ 29. Ke2 Kc4 30. b3+ Kc5 31. Bb2 f6 32. g3 Bc2 33. b4+ Kc4 34. Bxd5+ Kxd5 1/2-1/2

[Event "GER-chT U20"]
[Site "Kiel"]
[Date "2022.07.25"]
[Round "5.6"]
[White "Falke, Philipp"]
[Black "Lob, Niklas"]
[Result "1-0"]
[WhiteElo "1508"]
[BlackElo "1530"]
[PlyCount "77"]
[EventDate "2022.07.22"]
[EventType "team-swiss"]
[EventRounds "7"]
[EventCountry "GER"]
[SourceTitle "CBM 209 Extra"]
[Source "ChessBase"]
[SourceDate "2022.09.30"]
[SourceVersion "1"]
[SourceVersionDate "2022.09.30"]
[SourceQuality "1"]
[WhiteTeam "Uelzen Post"]
[BlackTeam "Heilbronn"]
[WhiteTeamCountry "GER"]
[BlackTeamCountry "GER"]

1. e4 c5 2. Nf3 Nc6 3. Nc3 e6 4. d4 cxd4 5. Nxd4 Nf6 6. a3 a6 7. Be2 Be7 8. 0-0 Qc7 9. Be3 Nxd4 10. Bxd4 e5 11. Be3 b5 12. f4 Bc5 13. Bxc5 Qxc5+ 14. Kh1 Bb7 15. fxe5 Nxe4 16. Nxe4 Bxe4 17. Bf3 Bxf3 18. Qxf3 0-0 19. Rad1 Ra7 20. Qf5 Rc7 21. c3 Qe7 22. Rd5 Qe6 23. Rd6 Qxf5 24. Rxf5 Ra7 25. Kg1 Re8 26. Kf2 Re6 27. Kf3 Kf8 28. Ke4 Ke7 29. Rf3 f6 30. Rxe6+ dxe6 31. Rg3 Kd8 32. exf6 gxf6 33. Rg8+ Kc7 34. Rf8 Kd6 35. Rxf6 Rg7 36. g3 Re7 37. b3 Rc7 38. Kd4 Rc5 39. Rxe6+ 1-0

[Event "GER-chT U20"]
[Site "Kiel"]
[Date "2022.07.23"]
[Round "1.6"]
[White "Riegel, Simon"]
[Black "Falke, Philipp"]
[Result "1-0"]
[WhiteElo "1285"]
[BlackElo "1508"]
[PlyCount "97"]
[EventDate "2022.07.22"]
[EventType "team-swiss"]
[EventRounds "7"]
[EventCountry "GER"]
[SourceTitle "CBM 209 Extra"]
[Source "ChessBase"]
[SourceDate "2022.09.30"]
[SourceVersion "1"]
[SourceVersionDate "2022.09.30"]
[SourceQuality "1"]
[WhiteTeam "Langen"]
[BlackTeam "Uelzen Post"]
[WhiteTeamCountry "GER"]
[BlackTeamCountry "GER"]

1. d4 d5 2. Nf3 Nf6 3. Bf4 c5 4. c3 Qb6 5. Qb3 c4 6. Qc2 Nc6 7. Nbd2 g6 8. e4 Nxe4 9. Nxe4 dxe4 10. Nd2 Bf5 11. Nxc4 Qd8 12. Ne3 Rc8 13. d5 Nb4 14. Qa4+ Bd7 15. Qxb4 f5 16. Qd4 Rg8 17. Qxa7 Bg7 18. Qxb7 Rxc3 19. Bb5 Rxe3+ 20. Bxe3 Qa5+ 21. Bd2 Qxb5 22. Qxb5 Bxb5 23. Bc3 Bh6 24. a4 Bc4 25. a5 Bxd5 26. 0-0 Kd7 27. Rfd1 e6 28. b4 Rc8 29. a6 e3 30. a7 exf2+ 31. Kxf2 Kc7 32. Be5+ Kb6 33. Rxd5 exd5 34. a8Q Rxa8 35. Rxa8 Kb5 36. Rb8+ Kc4 37. Ke2 d4 38. b5 d3+ 39. Kd1 Be3 40. b6 Kc5 41. Bc7 Kc6 42. Re8 f4 43. Rf8 g5 44. Rh8 g4 45. Rxh7 f3 46. gxf3 gxf3 47. Rf7 f2 48. Bg3 Bxb6 49. Bxf2 1-0

[Event "GER-chT Christmas U16 Lasker"]
[Site "Playchess.com INT"]
[Date "2020.12.28"]
[Round "2.1"]
[White "Falke, Philipp"]
[Black "Hoffmann, Kay"]
[Result "0-1"]
[WhiteElo "1334"]
[BlackElo "1583"]
[PlyCount "88"]
[EventDate "2020.12.28"]
[EventType "team-swiss (blitz)"]
[EventRounds "7"]
[EventCountry "GER"]
[SourceTitle "CBM 200 Extra"]
[Source "ChessBase"]
[SourceDate "2021.03.31"]
[SourceVersion "1"]
[SourceVersionDate "2021.03.31"]
[SourceQuality "1"]
[WhiteTeam "Uelzen Post"]
[BlackTeam "Barnim Stahl Finow"]
[WhiteTeamCountry "GER"]
[BlackTeamCountry "GER"]

1. e4 d5 2. exd5 Qxd5 3. Nc3 Qa5 4. d4 Nf6 5. Nf3 Bg4 6. Be2 Nc6 7. 0-0 0-0-0 8. Be3 e5 9. Re1 exd4 10. Nxd4 Bxe2 11. Ncxe2 Nxd4 12. Nxd4 Bc5 13. c3 Nd5 14. b4 Nxe3 15. Rxe3 Bxb4 16. cxb4 Qxb4 17. Rd3 Qc4 18. Rc1 Qxa2 19. Rd2 Qa5 20. Nf3 c6 21. Ra1 Qb6 22. Rxd8+ Rxd8 23. Qa4 Kc7 24. h3 a6 25. Ne5 f6 26. Nc4 Qd4 27. Qa5+ Kb8 28. Nb6 Ka7 29. Ra4 Qxb6 30. Qxb6+ Kxb6 31. Rg4 g5 32. Rg3 a5 33. Rf3 Rd6 34. Re3 a4 35. Re4 Ka5 36. Re7 b5 37. Rxh7 Kb4 38. Ra7 a3 39. Kf1 Kb3 40. Ke2 Kb2 41. Kf3 a2 42. Kg4 a1Q 43. Rxa1 Kxa1 44. Kf5 b4 0-1